[Event "Thessaloniki Vardaris op 7th"]
[Site "Thessaloniki"]
[Date "2024.03.16"]
[Round "4"]
[White "Gkoutzouki, Aikaterini Argyro"]
[Black "Loukopoulos, Panagiotis Athanasi"]
[Result "1-0"]
[WhiteElo "1926"]
[BlackElo "2094"]
[PlyCount "129"]
[EventDate "2024.03.14"]
[EventType "swiss"]
[EventRounds "7"]
[EventCountry "GRE"]
[SourceTitle "CB13_2024"]
[SourceDate "2024.03.27"]
[SourceVersion "1"]
[SourceVersionDate "2024.03.27"]
[SourceQuality "1"]

1. d4 d5 2. c4 e6 3. Nc3 h6 4. Nf3 Nf6 5. g3 Bd6 6. Bg2 0-0 7. 0-0 Nc6 8. b3 dxc4 9. bxc4 e5 10. Nxe5 Nxe5 11. c5 Be7 12. dxe5 Ng4 13. Bb2 Nxe5 14. Qxd8 Bxd8 15. Rad1 Be6 16. Bd5 Re8 17. Ba1 Bxd5 18. Nxd5 c6 19. Ne3 b5 20. Nf5 Nc4 21. e3 f6 22. Rd7 Ne5 23. Rxg7+ Kf8 24. Rh7 Nf7 25. Nxh6 Nxh6 26. Rxh6 Kg7 27. Rh4 Be7 28. Bd4 Red8 29. Re4 Kf7 30. Rc1 Rd5 31. h4 a5 32. Rf4 b4 33. g4 Ke6 34. Re4+ Kf7 35. f4 f5 36. gxf5 Rxf5 37. Re5 Rxe5 38. Bxe5 Rg8+ 39. Kf1 Bxh4 40. Rc2 Rg3 41. Ke2 Rg1 42. Kd3 Be7 43. Bd4 Bf6 44. Bxf6 Kxf6 45. Ke4 Rb1 46. Rd2 Ke7 47. f5 a4 48. Ke5 a3 49. f6+ Kf7 50. Rd7+ Kg6 51. Rg7+ Kh6 52. Ra7 Rb2 53. Ra4 Kg6 54. e4 Rxa2 55. Rxb4 Rf2 56. Ra4 a2 57. Ra7 Kg5 58. Rg7+ Kh6 59. Rg1 Rg2 60. Ra1 Rg5+ 61. Ke6 Rxc5 62. f7 Kg7 63. Rg1+ Kh7 64. f8Q a1Q 65. Rxa1 1-0

[Event "GRE-ch U20"]
[Site "Trikala"]
[Date "2022.08.31"]
[Round "9"]
[White "Loukopoulos, Panagiotis Athanasi"]
[Black "Margaritis, Ioannis M"]
[Result "1-0"]
[WhiteElo "2081"]
[BlackElo "1498"]
[PlyCount "99"]
[EventDate "2022.08.25"]
[EventType "swiss"]
[EventRounds "9"]
[EventCountry "GRE"]
[SourceTitle "CBM 210 Extra"]
[Source "ChessBase"]
[SourceDate "2022.11.30"]
[SourceVersion "1"]
[SourceVersionDate "2022.11.30"]
[SourceQuality "1"]

1. e4 c5 2. Nc3 d6 3. f4 g6 4. Nf3 Bg7 5. Bb5+ Bd7 6. Bc4 e6 7. 0-0 Nc6 8. f5 exf5 9. d3 Nge7 10. Qe1 0-0 11. Qh4 a6 12. Bg5 fxe4 13. Nxe4 Be6 14. Bxe6 fxe6 15. Nf6+ Bxf6 16. Bxf6 Qd7 17. Rae1 Nf5 18. Qg5 Qf7 19. Bc3 Qd7 20. h4 e5 21. h5 Qg7 22. Nh4 Nxh4 23. Qxh4 gxh5 24. Qxh5 Rxf1+ 25. Rxf1 Rf8 26. Rxf8+ Kxf8 27. Bd2 Qg6 28. Qh3 Qf7 29. Qc8+ Kg7 30. Qg4+ Kf8 31. Bh6+ Ke7 32. Bg5+ Kf8 33. Bh6+ Ke7 34. Qc8 Kf6 35. g4 Kg6 36. Bf8 Nd4 37. Bxd6 Ne2+ 38. Kg2 Nf4+ 39. Kh2 Ne6 40. Kg1 Kg5 41. Qh8 Kxg4 42. Qxe5 Nf4 43. Qe4 b6 44. Kf2 Kg5 45. Qe3 Qf5 46. Qg3+ Kh5 47. Qxf4 Qd7 48. Qf6 c4 49. dxc4 Qa4 50. Qf5+ 1-0

[Event "GRE-ch U20"]
[Site "Trikala"]
[Date "2022.08.28"]
[Round "6"]
[White "Krallis, Christos"]
[Black "Loukopoulos, Panagiotis Athanasi"]
[Result "1-0"]
[WhiteElo "2378"]
[BlackElo "2081"]
[PlyCount "105"]
[EventDate "2022.08.25"]
[EventType "swiss"]
[EventRounds "9"]
[EventCountry "GRE"]
[SourceTitle "CBM 210 Extra"]
[Source "ChessBase"]
[SourceDate "2022.11.30"]
[SourceVersion "1"]
[SourceVersionDate "2022.11.30"]
[SourceQuality "1"]

1. c4 e6 2. Nf3 d5 3. g3 Nf6 4. Bg2 d4 5. 0-0 c5 6. d3 Nc6 7. e4 e5 8. h3 Bd6 9. Ne1 a6 10. f4 b5 11. Nd2 0-0 12. f5 Be7 13. Bf3 Ne8 14. h4 Nd6 15. b3 Rb8 16. Be2 Bd7 17. Ndf3 bxc4 18. bxc4 f6 19. g4 Nf7 20. Kh2 h6 21. Rg1 Qa5 22. Rg2 Ncd8 23. Qd2 Qxd2 24. Bxd2 Nc6 25. Bd1 Rb7 26. Bb3 Rfb8 27. Nc2 Kf8 28. Rag1 Be8 29. g5 fxg5 30. hxg5 Nxg5 31. Nxg5 Bxg5 32. Bxg5 hxg5 33. Rxg5 Na5 34. Na1 Rf7 35. Bd1 Rb2+ 36. R5g2 Rfb7 37. Nb3 Rxg2+ 38. Rxg2 Nxb3 39. axb3 Rb6 40. Ra2 Ke7 41. Ra5 Kd6 42. Kg3 Kc6 43. Kh4 Bf7 44. Kg5 Kd6 45. b4 Rxb4 46. Rxa6+ Ke7 47. Ra7+ Kf8 48. f6 Rb1 49. Ra8+ Be8 50. Ba4 Ra1 51. Rxe8+ Kf7 52. Re7+ Kf8 53. Ra7 1-0

[Event "EU-ch 22nd"]
[Site "Terme Catez"]
[Date "2022.04.04"]
[Round "9"]
[White "Roebers, Eline"]
[Black "Loukopoulos, Panagiotis Athanasi"]
[Result "1-0"]
[WhiteElo "2331"]
[BlackElo "2020"]
[PlyCount "43"]
[EventDate "2022.03.27"]
[EventType "swiss"]
[EventRounds "11"]
[EventCountry "SLO"]
[SourceTitle "CBM 208"]
[Source "ChessBase"]
[SourceDate "2022.06.30"]
[SourceVersion "1"]
[SourceVersionDate "2022.06.30"]
[SourceQuality "1"]

1. e4 e6 2. d4 d5 3. Nc3 Nf6 4. Bg5 Bb4 5. e5 h6 6. Bd2 Bxc3 7. bxc3 Ne4 8. Bc1 Nxc3 9. Qg4 g6 10. Bd3 c5 11. dxc5 Qa5 12. Bd2 Qa4 13. Qf3 Ne4 14. Bxe4 dxe4 15. Qb3 Qa6 16. Ne2 Bd7 17. Qe3 Bc6 18. 0-0 Nd7 19. Bc3 Qc4 20. Rfd1 Qxc5 21. Rd4 0-0-0 22. Rxd7 1-0

[Event "GRE CupT 1/8 f 39th"]
[Site "Greece"]
[Date "2021.11.28"]
[Round "1"]
[White "Liaskos, Leonidas"]
[Black "Loukopoulos, Panagiotis Athanasi"]
[Result "0-1"]
[WhiteElo "2112"]
[BlackElo "2010"]
[PlyCount "100"]
[EventDate "2021.11.28"]
[EventType "team-k.o."]
[EventRounds "1"]
[EventCountry "GRE"]
[SourceTitle "EXT 2023"]
[Source "ChessBase"]
[SourceDate "2022.10.05"]
[SourceVersion "1"]
[SourceVersionDate "2022.10.05"]
[SourceQuality "1"]
[WhiteTeam "Aigaleo"]
[BlackTeam "Evoiki ES"]
[WhiteTeamCountry "GRE"]
[BlackTeamCountry "GRE"]

1. e4 e6 2. Ne2 d5 3. exd5 exd5 4. g3 Nf6 5. Bg2 Be7 6. 0-0 0-0 7. b3 d4 8. Bb2 c5 9. b4 Nc6 10. bxc5 Bxc5 11. d3 Bg4 12. Nd2 Nd5 13. h3 Bh5 14. Bxd5 Qxd5 15. Nf4 Bxd1 16. Nxd5 Bh5 17. Ne4 Bb4 18. Nef6+ gxf6 19. Nxf6+ Kh8 20. Nxh5 Rfe8 21. Rac1 Bd2 22. Rb1 Re2 23. Bc1 b6 24. Rb5 Rae8 25. Rf5 R8e5 26. Rxe5 Nxe5 27. Bxd2 Rxd2 28. f4 Nc6 29. Re1 h6 30. Re8+ Kh7 31. Rf8 Rxc2 32. g4 Rxa2 33. Rxf7+ Kg8 34. Rc7 Nb4 35. Nf6+ Kf8 36. Nd7+ Ke8 37. Nf6+ Kf8 38. Nd7+ Ke8 39. Ne5 Nd5 40. Rc8+ Ke7 41. Ng6+ Kf6 42. Rc6+ Kg7 43. f5 Nb4 44. Rc7+ Kf6 45. Nf4 Kg5 46. Ne6+ Kh4 47. Rc1 Nxd3 48. Rd1 Nf2 49. Rf1 Nxh3+ 50. Kh1 Kg3 0-1

[Event "GRE-chT Final 4 48th"]
[Site "Larisa"]
[Date "2021.11.07"]
[Round "2.1"]
[White "Chatzieleftheriou, Andreas"]
[Black "Loukopoulos, Panagiotis Athanasi"]
[Result "1/2-1/2"]
[WhiteElo "2177"]
[BlackElo "2010"]
[PlyCount "74"]
[EventDate "2021.11.06"]
[EventType "team-k.o."]
[EventRounds "2"]
[EventCountry "GRE"]
[SourceTitle "CBM 205 Extra"]
[Source "ChessBase"]
[SourceDate "2022.01.31"]
[SourceVersion "1"]
[SourceVersionDate "2022.01.31"]
[SourceQuality "1"]
[WhiteTeam "Nikaia Fysiolatris"]
[BlackTeam "Evoiki ES"]
[WhiteTeamCountry "GRE"]
[BlackTeamCountry "GRE"]

1. e4 e6 2. d4 d5 3. Nc3 Nf6 4. e5 Nfd7 5. f4 c5 6. Nf3 Nc6 7. Be3 Be7 8. Qd2 0-0 9. dxc5 Qa5 10. 0-0-0 b6 11. Bb5 Nb4 12. a3 bxc5 13. Kb1 Rb8 14. axb4 cxb4 15. Nxd5 exd5 16. Bxd7 Bxd7 17. Qxd5 Qxd5 18. Rxd5 Bc6 19. Ra5 Rfc8 20. Rc1 Be4 21. Nd2 Bxg2 22. Rxa7 Bf8 23. Rg1 Bh3 24. Nb3 Bf5 25. Nd4 Be4 26. e6 fxe6 27. b3 g6 28. Re1 Bg7 29. Bg1 Bxd4 30. Bxd4 Bxc2+ 31. Kb2 Bf5 32. Re2 Rc6 33. Rg7+ Kf8 34. Rxh7 Rbc8 35. Rh8+ Kf7 36. Rxc8 Rxc8 37. Rd2 Rc6 1/2-1/2

[Event "GRE-ch U20"]
[Site "Trikala"]
[Date "2021.08.23"]
[Round "1"]
[White "Raftopoulos, Emmanouil"]
[Black "Loukopoulos, Panagiotis Athanasi"]
[Result "0-1"]
[WhiteElo "1398"]
[BlackElo "2017"]
[PlyCount "48"]
[EventDate "2021.08.23"]
[EventType "swiss"]
[EventRounds "9"]
[EventCountry "GRE"]
[SourceTitle "EXT 2022"]
[Source "ChessBase"]
[SourceDate "2021.10.06"]
[SourceVersion "1"]
[SourceVersionDate "2021.10.06"]
[SourceQuality "1"]

1. d4 d5 2. Bf4 Nf6 3. Nf3 c5 4. e3 Nc6 5. Nbd2 Qb6 6. Rb1 cxd4 7. exd4 Nxd4 8. Nxd4 Qxd4 9. Be3 Qa4 10. Nb3 e5 11. a3 d4 12. Bd2 Be7 13. Be2 0-0 14. 0-0 Be6 15. Nc1 Rac8 16. Re1 Bf5 17. Nd3 Qxc2 18. Nxe5 Qxb1 19. Qxb1 Bxb1 20. Rxb1 Rc2 21. Nf3 Ne4 22. Bd3 Nxd2 23. Bxc2 Nxb1 24. Bxb1 Rc8 0-1

[Event "Kavala op 30th"]
[Site "Kavala"]
[Date "2021.08.01"]
[Round "1"]
[White "Petrov, Martin"]
[Black "Loukopoulos, Panagiotis Athanasi"]
[Result "1-0"]
[WhiteElo "2521"]
[BlackElo "2017"]
[PlyCount "32"]
[EventDate "2021.08.01"]
[EventType "swiss"]
[EventRounds "9"]
[EventCountry "GRE"]
[SourceTitle "CBM 203 Extra"]
[Source "ChessBase"]
[SourceDate "2021.09.30"]
[SourceVersion "1"]
[SourceVersionDate "2021.09.30"]
[SourceQuality "1"]

1. e4 c5 2. Nf3 Nf6 3. e5 Nd5 4. Nc3 e6 5. Nxd5 exd5 6. d4 Nc6 7. c3 cxd4 8. Nxd4 d6 9. Bb5 Bd7 10. exd6 Bxd6 11. Be2 Qb6 12. Nb3 d4 13. Nxd4 Bc5 14. Be3 Qb5 15. b4 Qxb4 16. 0-0 Qb2 1-0

[Event "EU-ch Amateur Online Final 2000/2300"]
[Site "Tornelo INT"]
[Date "2021.04.28"]
[Round "9"]
[White "Mackowiak, Szymon"]
[Black "Loukopoulos, Panagiotis Athanasi"]
[Result "1-0"]
[WhiteElo "1671"]
[BlackElo "2017"]
[PlyCount "87"]
[EventDate "2021.04.28"]
[EventType "swiss (rapid)"]
[EventRounds "9"]
[EventCountry "NET"]
[SourceTitle "EXT 2023"]
[Source "ChessBase"]
[SourceDate "2022.10.05"]
[SourceVersion "1"]
[SourceVersionDate "2022.10.05"]
[SourceQuality "1"]

1. d4 d5 2. c4 e6 3. Nf3 Nf6 4. Bg5 Be7 5. Nc3 Nbd7 6. e3 h6 7. Bh4 0-0 8. Bd3 dxc4 9. Bxc4 c5 10. 0-0 b6 11. d5 exd5 12. Bxd5 Nxd5 13. Qxd5 Ba6 14. Bxe7 Qxe7 15. Rfd1 Nf6 16. Qe5 Qxe5 17. Nxe5 Rfe8 18. Nd7 Ne4 19. Nxe4 Rxe4 20. Rd6 f6 21. Nxc5 bxc5 22. Rxa6 Rb4 23. b3 c4 24. bxc4 Rxc4 25. g3 Rc2 26. a4 Rb8 27. Rxa7 Rbb2 28. Rf1 Ra2 29. a5 Kh7 30. h4 Kg6 31. Kg2 f5 32. Kf3 Kf6 33. Ra8 g5 34. Ra6+ Kg7 35. h5 Re2 36. Rg6+ Kh7 37. a6 Reb2 38. Rf6 Rb5 39. Rc1 Rbb2 40. Rf1 Rb5 41. Rc6 Rba5 42. Rb1 Re5 43. Rb7+ Kg8 44. Rc8+ 1-0

[Event "EU-ch Amateur Online Final 2000/2300"]
[Site "Tornelo INT"]
[Date "2021.04.28"]
[Round "1"]
[White "Stalmach, Richard"]
[Black "Loukopoulos, Panagiotis Athanasi"]
[Result "1-0"]
[WhiteElo "2296"]
[BlackElo "2017"]
[PlyCount "107"]
[EventDate "2021.04.28"]
[EventType "swiss (rapid)"]
[EventRounds "9"]
[EventCountry "NET"]
[SourceTitle "EXT 2023"]
[Source "ChessBase"]
[SourceDate "2022.10.05"]
[SourceVersion "1"]
[SourceVersionDate "2022.10.05"]
[SourceQuality "1"]

1. d4 d5 2. c4 e6 3. Nc3 Nf6 4. cxd5 Nxd5 5. e4 Nxc3 6. bxc3 c5 7. Nf3 cxd4 8. cxd4 Bb4+ 9. Bd2 Bxd2+ 10. Qxd2 0-0 11. Bc4 Nc6 12. 0-0 b6 13. Rfd1 Bb7 14. Rac1 Rc8 15. a4 Na5 16. Bd3 Nb3 17. Rxc8 Nxd2 18. Rxd8 Nxf3+ 19. gxf3 Rxd8 20. Bb5 Kf8 21. Kf1 Ke7 22. Ke2 a6 23. Bc4 Rc8 24. Kd3 g5 25. Rb1 Rc6 26. Rg1 h6 27. Re1 Rd6 28. Rb1 f5 29. Re1 f4 30. h4 e5 31. d5 Bc8 32. hxg5 hxg5 33. Rh1 Rg6 34. Rh8 Bd7 35. Rh7+ Kd6 36. Bxa6 Bxa4 37. Bc8 Bd1 38. Bg4 Ba4 39. Kc4 Be8 40. Rb7 b5+ 41. Kb4 Rg8 42. Rb6+ Kc7 43. Re6 Bd7 44. Re7 Rd8 45. Rxd7+ Rxd7 46. Bxd7 Kxd7 47. Kxb5 Kd6 48. Kb6 Kd7 49. Kc5 Kc7 50. d6+ Kd7 51. Kd5 Kd8 52. Kxe5 Kd7 53. Kd5 Kd8 54. e5 1-0

[Event "GRE-ch U20"]
[Site "Trikala"]
[Date "2019.04.30"]
[Round "1"]
[White "Zgouletas, Ioannis"]
[Black "Loukopoulos, Panagiotis Athanasi"]
[Result "1-0"]
[WhiteElo "1608"]
[BlackElo "2051"]
[PlyCount "55"]
[EventDate "2019.04.30"]
[EventType "swiss"]
[EventRounds "9"]
[EventCountry "GRE"]
[SourceTitle "CBM 190 Extra"]
[Source "ChessBase"]
[SourceDate "2019.07.15"]
[SourceVersion "1"]
[SourceVersionDate "2019.07.15"]
[SourceQuality "1"]

1. e4 c5 2. Nf3 e6 3. d4 cxd4 4. Nxd4 Nc6 5. Nc3 Qc7 6. Be3 a6 7. f3 Nf6 8. Qd2 b5 9. Nxc6 dxc6 10. 0-0-0 Be7 11. g4 e5 12. Qf2 Be6 13. Kb1 Rb8 14. h4 Qa5 15. g5 Nh5 16. Bc5 b4 17. Bxe7 bxc3 18. b3 Rb7 19. Qc5 Qxc5 20. Bxc5 Ng3 21. Bxa6 Rb8 22. Rhg1 Nh5 23. Rd3 Nf4 24. Rxc3 f6 25. gxf6 gxf6 26. Rg7 Rg8 27. Re7+ Kd8 28. Rxh7 1-0

[Event "GRE-ch U18"]
[Site "Rethymno"]
[Date "2019.01.03"]
[Round "3"]
[White "Loukopoulos, Panagiotis Athanasi"]
[Black "Marinakis, Hristos"]
[Result "1-0"]
[WhiteElo "2013"]
[BlackElo "2003"]
[PlyCount "173"]
[EventDate "2019.01.02"]
[EventType "swiss"]
[EventRounds "9"]
[EventCountry "GRE"]
[SourceTitle "CBM 188 Extra"]
[Source "ChessBase"]
[SourceDate "2019.02.26"]
[SourceVersion "1"]
[SourceVersionDate "2019.02.26"]
[SourceQuality "1"]

1. e4 e5 2. Nf3 Nc6 3. Bc4 Bc5 4. 0-0 Nf6 5. d3 a6 6. c3 Ba7 7. a4 0-0 8. Bg5 h6 9. Bh4 d6 10. Bb3 Bg4 11. h3 Be6 12. Bc2 d5 13. exd5 Bxd5 14. Nbd2 Qd6 15. Ne4 Bxe4 16. dxe4 Nh5 17. Qxd6 cxd6 18. g4 Nf4 19. Kh2 g5 20. Bg3 Ne6 21. Rfd1 Rad8 22. Ne1 Kg7 23. h4 h5 24. gxh5 Rh8 25. hxg5 Rxh5+ 26. Kg2 Rxg5 27. Kf3 Rg6 28. Ng2 Ne7 29. Ne3 Ng5+ 30. Ke2 Bxe3 31. Kxe3 Rh8 32. Rxd6 Rxd6 33. Bxe5+ Rf6 34. Rg1 Rh3+ 35. Ke2 Kg6 36. Bxf6 Kxf6 37. e5+ Kxe5 38. Rxg5+ f5 39. Rg3 Rh4 40. Re3+ Kd6 41. Rd3+ Kc7 42. a5 Rg4 43. b4 Rh4 44. Ba4 Re4+ 45. Kf3 Ng6 46. Rd7+ Kb8 47. Rd5 Rc4 48. Rc5 Nh4+ 49. Kg3 Rg4+ 50. Kh3 Rf4 51. f3 Ng6 52. Kg3 Rh4 53. Rxf5 Rh1 54. Rc5 Rg1+ 55. Kf2 Rh1 56. Bd7 Rd1 57. Bf5 Nf4 58. Rc8+ Ka7 59. Be4 Rd7 60. Kg3 Ne2+ 61. Kg4 Rg7+ 62. Kf5 Ng3+ 63. Kf6 Nh5+ 64. Ke5 Re7+ 65. Kd6 Rf7 66. Rc7 Rxc7 67. Kxc7 Nf6 68. Bxb7 Nd5+ 69. Kd6 Nxc3 70. Bc6 Ne2 71. Ke5 Nc1 72. Kd4 Ne2+ 73. Ke3 Ng3 74. f4 Kb8 75. Kf3 Nf5 76. Ke4 Nd6+ 77. Ke5 Nc4+ 78. Ke6 Kc7 79. Bd5 Na3 80. Be4 Nb5 81. f5 Kd8 82. Bd3 Nc7+ 83. Kd6 Ne8+ 84. Kc6 Nc7 85. f6 Ne6 86. Kd6 Ng5 87. Bxa6 1-0